[Event "Budha Bhandari Memorial"]
[Site "Budhanilkantha"]
[Date "2019.11.12"]
[Round "6"]
[White "Bajracharya, Sanuraj"]
[Black "Bk, Santoshi"]
[Result "1-0"]
[WhiteElo "1656"]
[BlackElo "1152"]
[PlyCount "62"]
[EventDate "2019.11.09"]
[EventType "swiss"]
[EventRounds "9"]
[EventCountry "NEP"]
[SourceTitle "CBM 193 Extra"]
[Source "ChessBase"]
[SourceDate "2020.01.31"]
[SourceVersion "1"]
[SourceVersionDate "2020.01.31"]
[SourceQuality "1"]

1. g4 e5 2. Bg2 Nf6 3. g5 Nh5 4. d4 g6 5. dxe5 Nc6 6. f4 h6 7. h4 d6 8. Bxc6+ bxc6 9. Nf3 Bb7 10. Nc3 Ng3 11. Rg1 Nf5 12. e4 Ne7 13. Be3 d5 14. Qe2 Qd7 15. 0-0-0 0-0-0 16. Bxa7 Ng8 17. Bf2 Bb4 18. Na4 Qe7 19. exd5 cxd5 20. c3 Ba3 21. Qb5 Qf8 22. Bc5 Bxc5 23. Nxc5 Qxc5 24. Qxc5 Rd7 25. Nd4 Ne7 26. e6 Rd6 27. exf7 Rf8 28. Nb5 Nc6 29. Nxd6+ cxd6 30. Qxd6 Rxf7 31. Qe6+ Rd7 1-0

[Event "Budha Bhandari Memorial"]
[Site "Budhanilkantha"]
[Date "2019.11.12"]
[Round "5"]
[White "Orunbaev, Bael"]
[Black "Bajracharya, Sanuraj"]
[Result "0-1"]
[WhiteElo "1137"]
[BlackElo "1656"]
[PlyCount "46"]
[EventDate "2019.11.09"]
[EventType "swiss"]
[EventRounds "9"]
[EventCountry "NEP"]
[SourceTitle "CBM 193 Extra"]
[Source "ChessBase"]
[SourceDate "2020.01.31"]
[SourceVersion "1"]
[SourceVersionDate "2020.01.31"]
[SourceQuality "1"]

1. e4 Nc6 2. Nf3 e5 3. Nc3 d6 4. h3 Be7 5. Nd5 Nf6 6. Nxe7 Nxe7 7. d3 h6 8. Be2 Bd7 9. 0-0 c5 10. c4 Ng6 11. Nh2 0-0 12. f4 exf4 13. Bxf4 Qe7 14. Bg3 Rae8 15. Bf3 b5 16. cxb5 Bxb5 17. Ng4 Nxg4 18. Bxg4 Ne5 19. Bxe5 Qxe5 20. a4 Qd4+ 21. Kh1 Bxd3 22. Rg1 Bxe4 23. Qc1 Rb8 0-1

[Event "Budha Bhandari Memorial"]
[Site "Budhanilkantha"]
[Date "2019.11.10"]
[Round "2"]
[White "Bajracharya, Sanuraj"]
[Black "Gurung, Sushila"]
[Result "1-0"]
[WhiteElo "1656"]
[BlackElo "1392"]
[PlyCount "90"]
[EventDate "2019.11.09"]
[EventType "swiss"]
[EventRounds "9"]
[EventCountry "NEP"]
[SourceTitle "CBM 193 Extra"]
[Source "ChessBase"]
[SourceDate "2020.01.31"]
[SourceVersion "1"]
[SourceVersionDate "2020.01.31"]
[SourceQuality "1"]

1. d4 Nf6 2. Nf3 d6 3. Bf4 g6 4. Nbd2 Bg7 5. c3 a6 6. Qc2 d5 7. e3 Bf5 8. Bd3 Bxd3 9. Qxd3 Nc6 10. e4 e5 11. dxe5 Nxe4 12. Nxe4 dxe4 13. Qxe4 0-0 14. 0-0 Re8 15. Rad1 Qc8 16. Rfe1 Nd8 17. Bg5 Ne6 18. Bf6 Nc5 19. Qh4 Bf8 20. Ng5 h6 21. f4 h5 22. b4 Na4 23. h3 Bg7 24. e6 fxe6 25. Nxe6 Rxe6 26. Rd8+ Qxd8 27. Bxd8 Rxe1+ 28. Qxe1 Rxd8 29. Qe6+ Kh7 30. f5 Rd6 31. fxg6+ Kh6 32. Qe3+ Kxg6 33. Qe8+ Kh6 34. Qxa4 Bxc3 35. b5 Be5 36. bxa6 Rxa6 37. Qe4 Bd6 38. Qe6+ Kg7 39. Qf5 Rxa2 40. Qg5+ Kf8 41. Qf6+ Ke8 42. Qe6+ Kd8 43. Qxa2 h4 44. Qa8+ Kd7 45. Qxb7 Bg3 1-0